000 01519nam0a22002891 4500
001 rc\3752168
005 20250610111805.0
021 _aRU
_b[70-17390ж]
035 _a(NLR Aleph) 007874708
090 _a7880162
_c7880162
100 _a20130115d1969 |||y0rusy50 ca
101 0 _arus
102 _aRU
105 _aab z |||||
200 1 _aСтратиграфические аналоги палеоцена и нижнего эоцена Крыма, Предкавказья и запада Средней Азии в Тетисе и Северо-Европейском бассейне
_e[Сборник статей]
_fПод ред. д-ра геол.-минерал. наук Е.К. Шуцкой
210 _aМосква
_cБ. и.
_d1969
215 _a132 с., 1 л. табл.
_cсхем., карт.
_d19
225 1 _aМинистерство геологии СССР. Всесоюзный научно-исследовательский геологоразведочный нефтяной институт. "ВНИГНИ". Труды
_vВып. 88
320 _aБиблиогр. в конце статей
606 _aФораминиферы
_zПалеоген
_jСборники
_2psbo
606 _aПалеогеновые отложения
_xСтратиграфия
_jСборники
_2psbo
702 1 _aШуцкая
_bЕ.К.
_gЕкатерина Константиновна
_4340
801 0 _aRU
_bNLR
_gpsbo
801 1 _aRU
_bELAR
_2rusmarc
852 _aNLR
_jП7/399
942 _cBOOK
980 _aNB